| 000 | 01175nam a2200241Ia 4500 | ||
|---|---|---|---|
| 003 | OSt | ||
| 005 | 20260108112027.0 | ||
| 008 | 160316s2016 xxu||||| |||| 00| 0 eng d | ||
| 020 | _a9780374273538 | ||
| 040 | _cnls | ||
| 082 | _a303.483 FRI | ||
| 100 | _aFriedman Thomas L | ||
| 245 | _aThank You for Being Late : An optimists guide to thriving in the age of accelerations | ||
| 260 |
_aLondon : _bPenguin Books ; _c2016 |
||
| 300 |
_a486p _c |
||
| 365 | _b Rs. 799 | ||
| 505 | _aContents: Part I. Reflecting. Thank you for being late -- Part II. Accelerating. What the hell happened in 2007? -- Moore's law -- The supernova -- The market -- Mother Nature -- Part III. Innovating. Just too damned fast -- Turning AI into IA -- Control vs. Kaos -- Mother Nature as political mentor -- Is God in cyberspace? -- Always looking for Minnesota -- You can go home again (and you should!) -- Part IV. Anchoring. From Minnesota to the world and back. | ||
| 650 | _aTechnological Innovations - Social Aspects | ||
| 650 | _aTechnology & Civilization - Geopolitics | ||
| 650 | _aPolitical Participation - Globalization | ||
| 700 |
_a _a |
||
| 942 |
_2ddc _cBK |
||
| 999 |
_c41299 _d41299 |
||